| 000 | 01510nam a2200433 c 4500 | ||
|---|---|---|---|
| 001 | 51781 | ||
| 003 | ES-MaCES | ||
| 005 | 20210511122139.0 | ||
| 008 | 210506s2021 sp || | 000 ||spa d | ||
| 017 |
_aCO 52-2020 _bDL |
||
| 020 | _a9788418578878 | ||
| 040 |
_aES-MaCES _bspa _cES-MaCES |
||
| 100 | 1 |
_925350 _aUrra, Francisco Javier |
|
| 245 | 1 | 0 |
_aPrioridades en la vida de los españoles _b: estudio psicosociológico de seguimiento pre y post COVID-19 (diciembre 2019 vs. junio 2020) _cJavier Urra, Enrique Domingo López ; Instituto de Conocimiento Mar de Fondo |
| 250 | _a1ª ed | ||
| 260 |
_a[Córdoba] _bAlmuzara _c2021 |
||
| 300 |
_a101 p _bgráf., fot. col. _c24 cm |
||
| 504 | _aBibliografía: p. 225-232 | ||
| 541 | _cCompra | ||
| 650 | 4 |
_aCovid-19 _939751 |
|
| 650 | 4 |
_aevaluación del impacto _930732 |
|
| 650 | 4 |
_asociedad _927269 |
|
| 650 | 4 |
_aopinión pública _927247 |
|
| 650 | 4 |
_acondiciones económicas _927081 |
|
| 650 | 4 |
_acondiciones sociales _930469 |
|
| 650 | 4 |
_atensión psicológica _928344 |
|
| 650 | 4 |
_aconformidad social _927282 |
|
| 650 | 4 |
_asistema de valores _929392 |
|
| 650 | 4 |
_acomportamiento _927271 |
|
| 650 | 4 |
_aactitud _926696 |
|
| 650 | 4 |
_aEspaña _926964 |
|
| 650 | 4 |
_a2019-2020 _939656 |
|
| 650 | 4 |
_ainvestigación sociológica _927260 |
|
| 653 | 1 | 0 | _aCiencias Sociales-Políticas |
| 700 | 1 |
_939938 _aDomingo López, Enrique |
|
| 710 | 2 |
_939949 _aInstituto de Conocimiento Mar de Fondo |
|
| 902 | _aLIB Libro | ||
| 942 |
_2CES _cBK _h7.0. |
||
| 999 |
_c51781 _d51781 |
||